000 00580nam a22001697a 4500
003 OSt
005 20171010095520.0
008 120816t xxu||||| |||| 00| 0 eng d
040 _aMMSU
_cULS
100 _aMaculam, Judith R.
_912194
245 _aMga elementong romantiko sa mga piling tula ni Dr. Jose Rizal: isang pagsusuri
_cJudith R. Maculam
260 _c1994
300 _axx, 215 leaves
_c28 cm.
500 _aThesis (MA Education-Filipino) -- Mariano Marcos State University-Graduate School, Laoag City
504 _aBibliography: leaves 174-180
942 _2ddc
_cTHEDIS
999 _c9763
_d9763